000
00303nam a22001337a 4500
008
171020b xxu||||| |||| 00| 0 eng d
020
_a
9789995634032
041
_a
alb
080
_a
338
100
_a
54
101
_a
MEN
245
_a
MENAXHIMI DHE ORGANIZATA E BIZNESIT
_c
LLACI,SH
942
_2
udc
_c
BK
999
_c
35043
_d
35043